Tecnología, planificación y desarrollo autónomo / (Registro nro. 242)
[ vista simple ]
| 000 -LEADER | |
|---|---|
| fixed length control field | 01199nam a2200241Ia 4500 |
| 003 - CONTROL NUMBER IDENTIFIER | |
| control field | PE SENCICO BE |
| 005 - DATE AND TIME OF LATEST TRANSACTION | |
| control field | 20251020182431.0 |
| 008 - FIXED-LENGTH DATA ELEMENTS--GENERAL INFORMATION | |
| fixed length control field | 200515s9999 xx 000 0 und d |
| 040 ## - CATALOGING SOURCE | |
| Original cataloging agency | PE SENCICO BE |
| Transcribing agency | PE SENCICO BE |
| 041 ## - LANGUAGE CODE | |
| Language code of text/sound track or separate title | spa |
| 082 ## - DEWEY DECIMAL CLASSIFICATION NUMBER | |
| Classification number | 600 |
| Item number | S16 |
| 100 1# - MAIN ENTRY--PERSONAL NAME | |
| Personal name | Sagasti, Francisco R. |
| 9 (RLIN) | 2719 |
| Relator term | autor |
| 245 10 - TITLE STATEMENT | |
| Title | Tecnología, planificación y desarrollo autónomo / |
| Statement of responsibility, etc. | Francisco R. Sagasti |
| 250 ## - EDITION STATEMENT | |
| Edition statement | 1a ed. |
| 260 ## - PUBLICATION, DISTRIBUTION, ETC. | |
| Place of publication, distribution, etc. | Lima : |
| Name of publisher, distributor, etc. | Instituto de Estudios Peruanos ; |
| Date of publication, distribution, etc. | 1977 |
| 300 ## - PHYSICAL DESCRIPTION | |
| Extent | 158 p. : |
| Other physical details | tbl., graf. ; |
| Dimensions | 19 cm. |
| 490 ## - SERIES STATEMENT | |
| Series statement | Análisis económico ; |
| Volume/sequential designation | 3 |
| 505 0# - FORMATTED CONTENTS NOTE | |
| Formatted contents note | Subdesarrollo, ciencia y tecnología -- Planificación, científica y tecnológica en paises suddesarrollados -- Hacia un nuevo enfoque para la planificación científica y tecnológica -- Lineamientos para la política tecnológica industrial -- Bases para una estrategia de desarrollo científico y tecnológico -- La universidad y el desarrollo de ciencia y tecnología -- Autodeterminación tecnológica y cooperación en el tercer mundo |
| 650 10 - SUBJECT ADDED ENTRY--TOPICAL TERM | |
| Topical term or geographic name entry element | Tecnología |
| 9 (RLIN) | 840 |
| 650 20 - SUBJECT ADDED ENTRY--TOPICAL TERM | |
| Topical term or geographic name entry element | Desarrollo científico y tecnológico |
| 9 (RLIN) | 2176 |
| 650 20 - SUBJECT ADDED ENTRY--TOPICAL TERM | |
| Topical term or geographic name entry element | Planificación estratégica |
| 9 (RLIN) | 731 |
| 942 ## - ADDED ENTRY ELEMENTS (KOHA) | |
| Koha item type | Libros |
| Source of classification or shelving scheme | Dewey Decimal Classification |
| Fecha de la última vez que lo usaron | Número de ingreso o de inventario | Pago total | Signatura topográfica completa | Código de barras | Precio efectivo desde | Tipo de documento | Estado perdido | Sistema de clasificación | Estado dañado | No es para préstamo | Retirado | Ubicación permanente | Ubicación actual | Fecha de adquisición |
|---|---|---|---|---|---|---|---|---|---|---|---|---|---|---|
| 15/05/2020 | 941 | 600/S16 | BibLima24110047 | 15/05/2020 | Libros | Dewey Decimal Classification | Biblioteca Central Lima | Biblioteca Central Lima | 15/05/2020 |